[Event "Provincial-ch Valencia Primera"]
[Site "Valencia"]
[Date "2010.10.23"]
[Round "3"]
[White "Sanchez Crespo, Arcadio"]
[Black "Lopez Fernandez, Fernando"]
[Result "1/2-1/2"]
[WhiteElo "1826"]
[BlackElo "1694"]
[PlyCount "160"]
[EventDate "2010.10.02"]
[EventType "swiss"]
[EventRounds "7"]
[EventCountry "ESP"]
[SourceTitle "EXT 2024"]
[Source "ChessBase"]
[SourceDate "2023.10.10"]
[SourceVersion "1"]
[SourceVersionDate "2023.10.10"]
[SourceQuality "1"]

1. c4 f5 2. g3 Nf6 3. Bg2 g6 4. Nc3 Bg7 5. d4 Nc6 6. Nf3 0-0 7. 0-0 e6 8. Bg5 h6 9. Bc1 d6 10. e3 Bd7 11. d5 Ne7 12. dxe6 Bxe6 13. Qe2 Rb8 14. Nd4 Bf7 15. Rd1 c6 16. b3 Qc7 17. Ba3 Rfd8 18. Rac1 a6 19. Nf3 Rd7 20. c5 d5 21. Bb2 Rbd8 22. Na4 Nc8 23. Ne5 Re7 24. Nxf7 Kxf7 25. Bd4 Ng4 26. Qb2 Bxd4 27. Qxd4 Qe5 28. Qxe5 Nxe5 29. Rd4 Rde8 30. Nb2 Na7 31. a4 Nd7 32. Nd3 g5 33. h4 Kf6 34. hxg5+ hxg5 35. g4 fxg4 36. Rxg4 Ne5 37. Nxe5 Rxe5 38. Rd1 Nc8 39. Rb4 R8e7 40. Bh3 a5 41. Rbd4 Re8 42. Bxc8 Rxc8 43. b4 axb4 44. Rxb4 Rc7 45. Rdd4 Rce7 46. Kg2 Kf5 47. a5 Rh7 48. Rb6 Re4 49. Rxe4 Kxe4 50. a6 bxa6 51. Rxc6 Ra7 52. Rb6 a5 53. c6 a4 54. Rb7 Ra6 55. Rb4+ Ke5 56. c7 Rc6 57. Rxa4 Rxc7 58. Kg3 Rc4 59. Ra5 g4 60. Ra8 Kf5 61. Rf8+ Ke5 62. Rd8 Ke6 63. Rf8 Ke5 64. Kh4 Ke6 65. Kg5 Ke5 66. Rf5+ Ke6 67. Rf4 g3 68. fxg3 Rc3 69. Rf8 Ke7 70. Rf3 d4 71. Kf4 d3 72. Rf1 Rc4+ 73. e4 Ke6 74. Ke3 d2 75. g4 Rc2 76. Rd1 Ke5 77. Ke2 Rc8 78. g5 Rd8 79. Ke3 Rd4 80. g6 Rxe4+ 1/2-1/2